1253 1420 1444 1085 1643 1266 1455 1338 1985 1574 1554 1014 1073 1887 1565 1578 1552 1249 1283 1485 1715 1286 1653 1916 1820 1535 1468 1075 1384 1680 1090 1767 1256 1638 1350 1466 1874 1234 1377 1163 1640 1572 1247 1649 1609 1579 1587 1341 1362 1382 1101 1778 1602 1501 1161 1177 1361 1909 1396 1238 1887 1705 1164 1316 1025 1238 1548 1101 1028 1128 1266 1992 1054 1235 1458 1456 1291 1818 1207 1982 1834 1360 1236 1531 1064 1455 1965 1958 1346 1470 1667 1148 1087 1414 1101 1529 1617 1316 1351 BCNSPRNW ULIB Ver.6.0+V

เปลี่ยนเป็นภาษาไทย

Change to English
 แสดงรายละเอียดบรรณานุกรม
  กลับหน้าหลัก

Brief Record : Get Marc (ISO 2709) : E-mail record : QR code < ปิดหน้าต่าง
LEADER : 00000nam 2200000uu 4500
001    13399127112
003     ULIB
008    191015s2019||||th 000 0 tha d
020    ^a9780323428743
060 04 ^aQZ39^bW423D
100 1  ^aWeiner, Carl P.
245 10 ^aDrugs for pregnant and lactating Women /^cCarl P. Weinerand Clifford Mason
260    ^aPhiladelphia :^bElsevier,^c2019
300    ^a1026 p. ;^c27 cm.
504    ^aIncludes bibliographical references
650  2 ^aPharmaceutical Preparations^xcontraindications^vhandbooks
650  2 ^aBreast Feeding^vhandbooks
650  2 ^aPregnancy^vhandbooks
700 1  ^aMason, Clifford
945    ^p4340^l0^i006300
999    ^aประนอม เกษจรัล
รายการนี้ยังไม่มีแท็ก
คุณยังไม่ได้ล็อกอิน คุณสามารถมีกิจกรรมร่วมกับเว็บไซต์ได้ แต่ต้องล็อกอินก่อน ::
  ล็อกอิน

รายการสื่อสารสนเทศ

ลำดับที่ ประเภท เลขเรียก/บาร์โค้ด สถานที่ สถานะ
1. วิทยาศาสตร์การแพทย์ และสุขภาพ
หนังสือสำรอง
สถานะ=หนังสือสำรอง
QZ39 W423D ฉ.1 
  Barcode: 006300
ห้องสมุดวิทยาเขตสวรรค์ประชารักษ์
►หนังสือทั่วไป
บนชั้น

BibComment


ยังไม่เคยถูกคอมเมนท์

คอมเมนท์ทรัพยากรรายการนี้
  คอมเมนท์: Drugs for pregna..


 Copyright 2026. Bcnsprnw @Library